| 000 | 00584nam a2200157 i 4500 | ||
|---|---|---|---|
| 001 | 85568 | ||
| 003 | ES-MaACL | ||
| 005 | 20230906175250.0 | ||
| 007 | t| | ||
| 008 | 041129s1939 gw ||||1| ger d | ||
| 100 | 1 |
_aJuergens, Adolf. _967195 |
|
| 245 | 1 | 0 |
_aErgebnisse deutscher Wisenschaft, Eine bibliographische Auswald ausder decetscher wissenschatlichen Literatur der Jahre 1933-1938 herausgegeben / _cvon Adolf Juergens. |
| 260 |
_a[Essen] : _bEssener Verlagsanstalt, _c1939 ( _eBerlin : _fDruk Heibold) |
||
| 300 |
_aXVI, 782 p. ; _c24 cm. |
||
| 852 |
_aES-MaACL _jF-15950 _bR.20497 |
||
| 999 |
_c85568 _d85568 |
||